000 00974nam a2200277 i 4500
003 EG-GICUC
005 20260425211032.0
008 260425s1827 fr ||||fr|||| 00| 0 fre d
040 _aEG-GiCUC
_bfre
_cEG-GiCUC
_dEG-GiCUC
_eRda
082 0 4 _221
_a343.044
_bLO . L
092 0 4 _221
099 _aLaw1 10 343.044 LO . L 1827
100 1 _aLocré,M. Le Baron
_eAuteur
245 1 0 _aLa Législation Civile, Commerciale Et Criminelle De La France, Ou Commentaire Et Complément Des Codes Français.
_hTome Premier/
_cM. Le Baron Locré.
264 1 _aFrance :
_bTreuttel Et Würtz, Libraires,
_c1827.
300 _a640 page ;
_c 24 cm.
336 _2rda contenu
_a texte
337 _2rda medias
_aOrdinateur
338 _2 transporteur rda
_a Ressource en ligne
546 _aTexte en français
650 1 _aDroit Pénal
650 1 _aSciences Criminelles
856 4 0 _uhttps://fll.law.cu.edu.eg/fulltext/bks/B10-11118.pdf
905 _a59
942 _2ddc
_n0
_cBK
_e21
999 _c73362
_d73362